<?xml version="1.0" encoding="UTF-8"?><?xml-stylesheet type="text/xsl" href="static/style.xsl"?><OAI-PMH xmlns="http://www.openarchives.org/OAI/2.0/" xmlns:xsi="http://www.w3.org/2001/XMLSchema-instance" xsi:schemaLocation="http://www.openarchives.org/OAI/2.0/ http://www.openarchives.org/OAI/2.0/OAI-PMH.xsd"><responseDate>2026-06-29T02:40:11Z</responseDate><request verb="GetRecord" identifier="oai:docta.ucm.es:20.500.14352/63094" metadataPrefix="marc">https://docta.ucm.es/rest/oai/request</request><GetRecord><record><header><identifier>oai:docta.ucm.es:20.500.14352/63094</identifier><datestamp>2023-07-13T05:22:18Z</datestamp><setSpec>com_20.500.14352_14</setSpec><setSpec>col_20.500.14352_22</setSpec></header><metadata><record xmlns="http://www.loc.gov/MARC21/slim" xmlns:dcterms="http://purl.org/dc/terms/" xmlns:xsi="http://www.w3.org/2001/XMLSchema-instance" xmlns:doc="http://www.lyncode.com/xoai" xsi:schemaLocation="http://www.loc.gov/MARC21/slim http://www.loc.gov/standards/marcxml/schema/MARC21slim.xsd">
   <leader>00925njm 22002777a 4500</leader>
   <datafield ind2=" " ind1=" " tag="042">
      <subfield code="a">dc</subfield>
   </datafield>
   <datafield ind2=" " ind1=" " tag="720">
      <subfield code="a">López Gálvez, Gloria</subfield>
      <subfield code="e">author</subfield>
   </datafield>
   <datafield ind2=" " ind1=" " tag="260">
      <subfield code="c">2002</subfield>
   </datafield>
   <datafield ind2=" " ind1=" " tag="520">
      <subfield code="a">Se ha realizado un estudio del polimorfismo de las proteínas de leche de oveja de dos razas autóctonas españolas. La aplicación de técnicas electroforéticas e inmunoquímicas al análisis de las fracciones caseínica y seroporteica ha permitido detectar 7 fenotipos para la Alfas-caseína y 3 para la Beta-lactoglobulina. Se ha descrubierto una nueva variante de Alfas2-caseína ovina identificada mediante inmunotransferencia acoplada a lectroforesis bidemensional. Se han correlacionado los polimorfismos proteícos con la aptitud quesera de la leche de oveja, determinando que los fenotipos más favorables para la elaboración del queso serían los caracterizados por 4 bandas para la Alfas-caseína y el AA para la Beta-lactoglobulina</subfield>
   </datafield>
   <datafield ind1="8" ind2=" " tag="024">
      <subfield code="a">978-84-8466-777-3</subfield>
   </datafield>
   <datafield ind1="8" ind2=" " tag="024">
      <subfield code="a">b2101257x</subfield>
   </datafield>
   <datafield ind1="8" ind2=" " tag="024">
      <subfield code="a">https://hdl.handle.net/20.500.14352/63094</subfield>
   </datafield>
   <datafield ind2="0" ind1="0" tag="245">
      <subfield code="a">Estudio del polimorfismo de las proteínas de leche de oveja de las razas manchega y segureña. : Aptitud a la coagulación y rendimiento quesero</subfield>
   </datafield>
</record></metadata></record></GetRecord></OAI-PMH>